000 00381nam a2200133Ia 4500
008 151001s9999||||xx |||||||||||||| ||und||
100 _aवालचंद्र नालचंद्र शहा
245 _aरावबाजी
250 _a2
260 _bसुरस प्रकाशन पंजाब
260 _c1982
300 _a232
365 _b18
999 _c963209
_d963206